[Event "Alekhine U1400"]
[Site "Gatineau CAN"]
[Date "2023.01.24"]
[Round "2"]
[White "Simard, Paul"]
[Black "De Carufel-Lebeau, Lucas"]
[Result "0-1"]
[WhiteElo "1268"]
[BlackElo "1266"]
[PlyCount "61"]
[EventDate "2023.01.17"]
[EventType "swiss"]
[EventRounds "7"]
[EventCountry "CAN"]
[TimeControl "60/30:0"]

1. d4 d5 2. Bf4 Bf5 3. Nf3 f6 4. h3 Nc6 5. e3 g5 6. Bh2 e6 7. c4 Bd6 8. Be2 Nb4
9. Bxd6 Nc2+ 10. Kd2 Qxd6 11. Nc3 Nxa1 12. Qa4+ Qc6 13. Rxa1 Qxa4 14. Nxa4 b6
15. cxd5 exd5 16. Bb5+ Bd7 17. Bxd7+ Kxd7 18. Nc3 c6 19. Rc1 Ne7 20. b4 b5 21.
Nh2 h5 22. Nf1 f5 23. f3 g4 24. fxg4 hxg4 25. hxg4 Rag8 26. gxf5 Rxg2+ 27. Kd3
Nxf5 28. Ne2 Rh1 29. a3 Rf2 30. Nfg3 Nxg3 31. Rxh1 0-1

[Event "Alekhine U1400"]
[Site "Gatineau CAN"]
[Date "2023.01.24"]
[Round "2"]
[White "Vachon, Jean-Clement"]
[Black "Gratton, Constant"]
[Result "1-0"]
[WhiteElo "1190"]
[BlackElo "1233"]
[PlyCount "99"]
[EventDate "2023.01.17"]
[EventType "swiss"]
[EventRounds "7"]
[EventCountry "CAN"]
[TimeControl "60+30"]

1. e4 e5 2. Nf3 Nc6 3. d4 Bd6 4. Nc3 Nf6 5. Bc4 Bb4 6. dxe5 Nxe4 7. Qd3 Bxc3+
8. bxc3 Nc5 9. Qe3 Qe7 10. O-O O-O 11. Ba3 d6 12. exd6 cxd6 13. Qxe7 Nxe7 14.
Rfd1 Bf5 15. Bb3 Rfd8 16. Rd2 a5 17. Bc4 b6 18. Rad1 Ne4 19. Rd3 Nc5 20. Rxd6
Rxd6 21. Rxd6 Bxc2 22. Rxb6 Bd3 23. Bxd3 Nxd3 24. Bxe7 Re8 25. Rd6 f6 26. Rd8
Kf7 27. Rxe8 Kxe8 28. Ba3 g5 29. g4 Kd7 30. Kf1 Nf4 31. Bb2 Ke6 32. Nd4+ Kd5
33. Nb3 a4 34. Nd2 Nd3 35. c4+ Ke6 36. Bd4 Nc1 37. a3 Nb3 38. Nxb3 axb3 39. Ke2
f5 40. Kd3 fxg4 41. Kc3 Kf5 42. a4 Kf4 43. Be3+ Kf3 44. Bxg5 Kxf2 45. Kxb3 Kg2
46. Bf4 h5 47. c5 Kf3 48. Bb8 h4 49. c6 h3 50. Bg3 1-0

[Event "Alekhine U1400"]
[Site "Gatineau CAN"]
[Date "2023.01.24"]
[Round "2"]
[White "Vezina, Maxime"]
[Black "Vezina, Spencer"]
[Result "0-1"]
[WhiteElo "900"]
[BlackElo "900"]
[PlyCount "116"]
[EventDate "2023.01.17"]
[EventType "swiss"]
[EventRounds "7"]
[EventCountry "CAN"]
[TimeControl "60+30"]

1. e4 e6 2. Nf3 d5 3. exd5 exd5 4. Nc3 c5 5. d3 Be6 6. Ne5 Qe7 7. d4 f6 8. Nf3
g5 9. Bb5+ Nc6 10. Na4 g4 11. Nh4 g3 12. fxg3 Bg4+ 13. Be2 Bxe2 14. Qxe2 Nxd4
15. Qxe7+ Bxe7 16. Rb1 Nxc2+ 17. Kd1 Nd4 18. Be3 b5 19. Bxd4 bxa4 20. Be3 d4
21. Bf4 Rd8 22. Re1 c4 23. Rc1 c3 24. bxc3 dxc3+ 25. Kc2 Kf8 26. Kxc3 Rb8 27.
Bxb8 a5 28. Re4 Bb4+ 29. Kc2 Ne7 30. Rd1 Kf7 31. Bd6 Rc8+ 32. Kb2 f5 33. Rxe7+
Kf6 34. Rc7 Rb8 35. a3 Bxd6+ 36. Rb7 Rxb7+ 37. Kc2 Bxa3 38. Nf3 Bb2 39. Rd6+
Ke7 40. Rd3 a3 41. Nd4 Bxd4 42. Rxd4 Rb2+ 43. Kc1 Rxg2 44. Rd3 Rg1+ 45. Kc2 a2
46. Re3+ Kf6 47. Ra3 a1=Q 48. Rxa1 Rxa1 49. Kb2 Ra4 50. h3 Re4 51. Kb3 Re8 52.
Ka4 Ra8 53. g4 fxg4 54. hxg4 Kg5 55. Ka3 Kxg4 56. Ka4 h5 57. Kb5 Rb8+ 58. Kxa5
Ra8+ 0-1

[Event "Alekhine U1400"]
[Site "Gatineau CAN"]
[Date "2023.01.31"]
[Round "3"]
[White "Albert, Michel"]
[Black "Chartrand, Alexis"]
[Result "1-0"]
[WhiteElo "1194"]
[BlackElo "1144"]
[PlyCount "53"]
[EventDate "2023.01.17"]
[EventType "swiss"]
[EventRounds "7"]
[EventCountry "CAN"]

1. d4 d5 2. Bf4 e6 3. Nf3 Nf6 4. c3 c5 5. e3 Bd6 6. Bg3 Qb6 7. Qb3 Ne4 8. Bh4
c4 9. Qc2 Bd7 10. Ng5 Ba4 11. Qe2 Bb4 12. Nxe4 dxe4 13. g3 Ba5 14. Bg2 Nc6 15.
O-O e5 16. Nd2 Qxb2 17. Rab1 Qxc3 18. Nxe4 Qd3 19. Qg4 g5 20. Rxb7 Rd8 21. Nf6+
Kf8 22. Bxg5 Qg6 23. Nd7+ Rxd7 24. Rxd7 Rg8 25. Bd5 Qxg5 26. Rxf7+ Ke8 27. Qd7#
1-0

[Event "Alekhine U1400"]
[Site "Gatineau CAN"]
[Date "2023.01.31"]
[Round "3"]
[White "Arcand, Pierre"]
[Black "Arvisais, Eric"]
[Result "0-1"]
[WhiteElo "1165"]
[BlackElo "1185"]
[PlyCount "96"]
[EventDate "2023.01.17"]
[EventType "swiss"]
[EventRounds "7"]
[EventCountry "CAN"]

1. e4 c6 2. Nf3 d5 3. exd5 cxd5 4. Bb5+ Bd7 5. Bxd7+ Nxd7 6. d4 Ngf6 7. Nc3 e6
8. h3 Bb4 9. Bd2 O-O 10. O-O h6 11. a3 Ba5 12. Re1 Re8 13. Nb5 Bxd2 14. Qxd2
Qb6 15. Nc3 Rac8 16. Ne5 Re7 17. Nxd7 Rxd7 18. Na4 Qd6 19. Nc3 Rcc7 20. Nb5 Qe7
21. Nxc7 Rxc7 22. c3 Ne4 23. Qe3 Qh4 24. Re2 f5 25. f4 g5 26. fxg5 hxg5 27. Qf3
g4 28. Qe3 Rg7 29. hxg4 Rxg4 30. Rf1 Kf7 31. Rf3 Ng5 32. Rxf5+ exf5 33. Qe7+
Kg6 34. Qe8+ Kf6 35. Qf8+ Kg6 36. Qg8+ Kh6 37. Qf8+ Kg6 38. Qg8+ Kf6 39. Qf8+
Nf7 40. Qe7+ Kg7 41. Qxb7 Re4 42. Rxe4 Qxe4 43. Qxa7 Qb1+ 44. Kh2 Qxb2 45. Qc5
Qa2 46. Qb4 f4 47. Kh3 Qf2 48. Qe7 Qg3# 0-1

[Event "Alekhine U1400"]
[Site "Gatineau CAN"]
[Date "2023.01.31"]
[Round "3"]
[White "Bolduc, Christian"]
[Black "Laflamme, Mathieu"]
[Result "0-1"]
[WhiteElo "1332"]
[BlackElo "1230"]
[PlyCount "38"]
[EventDate "2023.01.17"]
[EventType "swiss"]
[EventRounds "7"]
[EventCountry "CAN"]
[TimeControl "1"]

1. e4 c6 2. Nc3 d5 3. Nf3 dxe4 4. Nxe4 Bf5 5. d3 e6 6. Be2 Nf6 7. Nfd2 Bb4 8.
O-O O-O 9. c3 Be7 10. d4 Nxe4 11. Nxe4 Bxe4 12. Bd2 Qd5 13. f3 Bg6 14. Be3 Nd7
15. Qd2 c5 16. a3 c4 17. Rf2 b5 18. f4 Nf6 19. b4 Ne4 0-1

[Event "Alekhine U1400"]
[Site "Gatineau CAN"]
[Date "2023.01.31"]
[Round "3"]
[White "Chenard, Paul"]
[Black "Vezina, Spencer"]
[Result "0-1"]
[WhiteElo "905"]
[BlackElo "900"]
[PlyCount "70"]
[EventDate "2023.01.17"]
[EventType "swiss"]
[EventRounds "7"]
[EventCountry "CAN"]
[TimeControl "60+30"]

1. Nf3 e5 2. Nc3 d6 3. e4 c5 4. Bc4 Nc6 5. h3 f5 6. d3 Nf6 7. Nd5 fxe4 8. Ng5
Be7 9. Nf7 Kxf7 10. Nc7+ Kf8 11. Nxa8 exd3 12. Bxd3 Nd4 13. c3 e4 14. Bc4 d5
15. Bb5 h6 16. Bf4 Nxb5 17. O-O Be6 18. Qa4 a6 19. c4 dxc4 20. Rad1 Qxa8 21.
Qa5 Kf7 22. Qb6 Qc8 23. Rd2 Bd8 24. Bc7 Bxc7 25. Qxc5 Bh2+ 26. Kxh2 Qxc5 27.
Rfd1 c3 28. bxc3 Nxc3 29. Rc1 e3 30. fxe3 Qxe3 31. Rcc2 Qf4+ 32. g3 Qe4 33.
Rxc3 Bd5 34. Rc7+ Kg8 35. Rg2 Qxg2# 0-1

[Event "Alekhine U1400"]
[Site "Gatineau CAN"]
[Date "2023.01.31"]
[Round "3"]
[White "Couture, Vincent"]
[Black "Paradis, Emile"]
[Result "0-1"]
[WhiteElo "1435"]
[BlackElo "1432"]
[PlyCount "40"]
[EventDate "2023.01.17"]
[EventType "swiss"]
[EventRounds "7"]
[EventCountry "CAN"]

1. e4 e5 2. Nf3 Nc6 3. Bc4 Nd4 4. Nxe5 Qg5 5. Ng4 d5 6. d3 Qxg4 7. Qxg4 Bxg4 8.
Bb3 dxe4 9. dxe4 O-O-O 10. O-O Ne2+ 11. Kh1 Bc5 12. f3 Bh5 13. Bc4 Nd4 14. c3
Nc2 15. Bf4 Nf6 16. Nd2 Nxa1 17. Rxa1 Rd7 18. g4 Bg6 19. Nb3 Nxe4 20. fxe4
Bxe4# 0-1

[Event "Alekhine U1400"]
[Site "Gatineau CAN"]
[Date "2023.01.31"]
[Round "3"]
[White "Deschenes, Ryan"]
[Black "Radojicic, Lazar"]
[Result "0-1"]
[WhiteElo "1000"]
[BlackElo "1100"]
[PlyCount "132"]
[EventDate "2023.01.17"]
[EventType "swiss"]
[EventRounds "7"]
[EventCountry "CAN"]

1. e4 e5 2. d4 exd4 3. Qxd4 Nc6 4. Qa4 Nf6 5. Nc3 Bb4 6. a3 Bxc3+ 7. bxc3 d6 8.
Bg5 O-O 9. Nf3 h6 10. Bxf6 Qxf6 11. Qc4 Be6 12. Qd3 b5 13. Rb1 Bc4 14. Qd2 Bxf1
15. Rxf1 a6 16. Nd4 Nxd4 17. cxd4 Rfe8 18. f3 d5 19. Qe2 dxe4 20. fxe4 Qh4+ 21.
g3 Qxe4 22. Qxe4 Rxe4+ 23. Kd1 Rxd4+ 24. Kc1 Re8 25. Rb4 Rxb4 26. axb4 Re4 27.
Rd1 Rxb4 28. Rd7 c5 29. Rd8+ Kh7 30. Rf8 f6 31. Ra8 Ra4 32. Rb8 b4 33. Rc8 Ra5
34. h4 g5 35. Rc7+ Kg6 36. Kd2 gxh4 37. gxh4 f5 38. Ke3 Kh5 39. Rf7 c4 40. Kd4
Ra2 41. Rxf5+ Kg4 42. Rf4+ Kh3 43. Rf2 b3 44. Kc3 bxc2 45. Rf1 h5 46. Kxc4 Kxh4
47. Kd4 Kg5 48. Kc3 h4 49. Rg1+ Kf5 50. Rf1+ Kg4 51. Rg1+ Kf3 52. Kb3 Kf2 53.
Rc1 Ra5 54. Rxc2+ Kg3 55. Kb4 Rb5+ 56. Ka4 h3 57. Rc3+ Kg2 58. Rc2+ Kf3 59. Rh2
Kg3 60. Rh1 Kg2 61. Ra1 h2 62. Ra2+ Kg1 63. Ra1+ Kf2 64. Ka3 Ra5+ 65. Kb2 Rxa1
66. Kxa1 h1=Q+ 0-1

[Event "Alekhine U1400"]
[Site "Gatineau CAN"]
[Date "2023.01.31"]
[Round "3"]
[White "Deschenes, Stephane"]
[Black "Vachon, Jean-Clement"]
[Result "0-1"]
[WhiteElo "1000"]
[BlackElo "1190"]
[PlyCount "106"]
[EventDate "2023.01.17"]
[EventType "swiss"]
[EventRounds "7"]
[EventCountry "CAN"]

1. e4 d5 2. Nf3 dxe4 3. Ng5 Nf6 4. Nc3 Bf5 5. Bc4 e6 6. O-O Bc5 7. d3 exd3 8.
cxd3 h6 9. Nf3 O-O 10. d4 Bb6 11. b3 Bg4 12. Ba3 Re8 13. d5 exd5 14. Nxd5 Nxd5
15. Bxd5 c6 16. Bc4 Qxd1 17. Raxd1 Na6 18. h3 Be6 19. Kh1 Bxc4 20. bxc4 Re2 21.
c5 Nxc5 22. Bxc5 Bxc5 23. Kg1 Rxa2 24. Rd2 Rxd2 25. Nxd2 a5 26. Rc1 b6 27. Ne4
Bf8 28. Rxc6 b5 29. Nc3 b4 30. Na4 f6 31. Rc1 b3 32. Rb1 Rb8 33. Kf1 b2 34.
Nxb2 Ba3 35. Ra1 Bxb2 36. Rxa5 Bd4 37. f3 Rb1+ 38. Ke2 Rb2+ 39. Kd3 Be5 40.
Ra8+ Kh7 41. g4 Rh2 42. Ke4 Rxh3 43. f4 Bc7 44. Rc8 Bb6 45. Rc6 Ba5 46. Rc5 Bb4
47. Rh5 Rxh5 48. gxh5 Be7 49. Kf5 Bd6 50. Kg4 Kg8 51. Kf5 Kf7 52. Kg4 Ke6 53.
Kf3 Kf5 0-1

[Event "Alekhine U1400"]
[Site "Gatineau CAN"]
[Date "2023.01.31"]
[Round "3"]
[White "Filion, Samuel"]
[Black "Radojicic, Janko"]
[Result "1-0"]
[WhiteElo "1118"]
[BlackElo "1100"]
[PlyCount "77"]
[EventDate "2023.01.17"]
[EventType "swiss"]
[EventRounds "7"]
[EventCountry "CAN"]
[TimeControl "60+30"]

1. e4 c5 2. Nc3 Nc6 3. Bc4 e5 4. Nf3 Nf6 5. Ng5 d5 6. Nxd5 Nxd5 7. Nxf7 Kxf7 8.
Qf3+ Ke7 9. Bxd5 Be6 10. d3 h6 11. Bxe6 Kxe6 12. Qh3+ Kd6 13. f4 Be7 14. fxe5+
Nxe5 15. Bf4 Bf6 16. O-O-O Bg5 17. Qg3 Bxf4+ 18. Qxf4 Rf8 19. Qg3 Rf7 20. d4
Qg5+ 21. Qxg5 hxg5 22. dxe5+ Kxe5 23. Rhf1 Raf8 24. Rxf7 Rxf7 25. Rd5+ Kxe4 26.
Rxg5 Ke3 27. b3 b6 28. Kb2 Rc7 29. Kc3 a5 30. a4 Kf4 31. Rg3 Kf5 32. Kc4 g6 33.
Kb5 Rb7 34. Kc6 Re7 35. Kxb6 Re2 36. Kxc5 Rxc2+ 37. Kb5 g5 38. Kxa5 Kf4 39. b4
1-0

[Event "Alekhine U1400"]
[Site "Gatineau CAN"]
[Date "2023.01.31"]
[Round "3"]
[White "Gratton, Constant"]
[Black "Boutin, Michel"]
[Result "1-0"]
[WhiteElo "1233"]
[BlackElo "1085"]
[PlyCount "51"]
[EventDate "2023.01.17"]
[EventType "swiss"]
[EventRounds "7"]
[EventCountry "CAN"]
[TimeControl "60+30"]

1. e4 e5 2. Nf3 Nc6 3. Bb5 Nd4 4. Nxd4 exd4 5. d3 a6 6. Bc4 Nf6 7. O-O d5 8.
exd5 Nxd5 9. Re1+ Be7 10. Qf3 Nf6 11. Bg5 O-O 12. Bxf6 Bxf6 13. a3 c5 14. Nd2
Qb6 15. b3 Bd7 16. Qd5 Be6 17. Qf3 Rae8 18. Bxe6 Rxe6 19. Nc4 Qc7 20. Rxe6 fxe6
21. Re1 Be5 22. Qh3 Rf5 23. g4 Rg5 24. Re4 b5 25. Nxe5 Rxe5 26. Qg3 1-0

[Event "Alekhine U1400"]
[Site "Gatineau CAN"]
[Date "2023.01.31"]
[Round "3"]
[White "Gratton, Marcel"]
[Black "Gagne, Learry"]
[Result "0-1"]
[WhiteElo "1137"]
[BlackElo "1120"]
[PlyCount "88"]
[EventDate "2023.01.17"]
[EventType "swiss"]
[EventRounds "7"]
[EventCountry "CAN"]

1. e4 e6 2. Nc3 d5 3. d4 Bb4 4. exd5 exd5 5. Bd2 Nf6 6. a3 Ba5 7. b4 Bb6 8. h3
Bxd4 9. Nf3 c5 10. Nxd4 cxd4 11. Nb5 Nc6 12. Bf4 Qe7+ 13. Qe2 Qxe2+ 14. Bxe2
Kd7 15. Rd1 a5 16. Nc7 Ra7 17. Nb5 Ra8 18. Nxd4 axb4 19. axb4 Nxb4 20. c3 Nc6
21. O-O Ke7 22. Nxc6+ bxc6 23. Ra1 Be6 24. Be3 Ne4 25. Bd4 f6 26. Bd3 c5 27.
Bxe4 cxd4 28. Bf3 dxc3 29. Rfc1 Rxa1 30. Rxa1 Rc8 31. Rc1 d4 32. Be2 Bc4 33.
Kf1 Bxe2+ 34. Kxe2 Kd6 35. Kd3 Kd5 36. f3 Re8 37. Rg1 Re3+ 38. Kc2 Kc4 39. f4
d3+ 40. Kc1 d2+ 41. Kc2 Re1 42. Rxe1 dxe1=Q 43. g4 Qd2+ 44. Kb1 Kb3 0-1

[Event "Alekhine U1400"]
[Site "Gatineau CAN"]
[Date "2023.01.31"]
[Round "3"]
[White "Levesque, Sabin"]
[Black "Deniger, Kim"]
[Result "0-1"]
[WhiteElo "950"]
[BlackElo "974"]
[PlyCount "62"]
[EventDate "2023.01.17"]
[EventType "swiss"]
[EventRounds "7"]
[EventCountry "CAN"]
[TimeControl "60+30"]

1. d4 d5 2. Bf4 e6 3. e3 Bd6 4. Bg3 Nf6 5. Bd3 Bxg3 6. hxg3 h6 7. Nc3 c6 8. Qf3
Nbd7 9. Nge2 e5 10. dxe5 Nxe5 11. Qf4 Qe7 12. Nd4 g5 13. Nf5 gxf4 14. Nxe7 Kxe7
15. Be2 fxg3 16. fxg3 Bg4 17. O-O-O h5 18. Rd4 Rad8 19. Rf4 a5 20. Rhf1 Bxe2
21. Nxe2 Rhg8 22. Rxf6 h4 23. a3 hxg3 24. Nxg3 Rxg3 25. R6f4 f6 26. Rxf6 Rxe3
27. g4 d4 28. g5 d3 29. g6 d2+ 30. Kd1 Re1+ 31. Rxe1 dxe1=Q+ 0-1

[Event "Alekhine U1400"]
[Site "Gatineau CAN"]
[Date "2023.01.31"]
[Round "3"]
[White "Simard, Paul"]
[Black "Villeneuve, Denis"]
[Result "0-1"]
[WhiteElo "1268"]
[BlackElo "1374"]
[PlyCount "122"]
[EventDate "2023.01.17"]
[EventType "swiss"]
[EventRounds "7"]
[EventCountry "CAN"]
[TimeControl "60/30:0"]

1. d4 Nf6 2. Bf4 d5 3. Nf3 c5 4. e3 Nc6 5. Bb5 a6 6. Bxc6+ bxc6 7. O-O e6 8.
Nc3 Nh5 9. Bg3 Nxg3 10. hxg3 cxd4 11. Nxd4 Bd7 12. Nf3 Be7 13. a3 Bf6 14. g4 h6
15. Qd2 O-O 16. Rad1 e5 17. Nh2 Re8 18. Na4 Qc7 19. Nc5 Bc8 20. f3 a5 21. Rfe1
Qb6 22. Na4 Qb5 23. b3 Be6 24. Nc3 Qc5 25. Nb1 Rad8 26. Nf1 d4 27. Qe2 dxe3 28.
Nxe3 Bg5 29. Kf2 Bxe3+ 30. Qxe3 Qxc2+ 31. Rd2 Qxb3 32. Qxb3 Bxb3 33. Re3 Bd5
34. Red3 Rd7 35. Nc3 Red8 36. Ne4 Be6 37. Nc5 Rxd3 38. Rxd3 Rxd3 39. Nxd3 f6
40. Ke3 Kf7 41. Nc5 Bc8 42. Ne4 Ke7 43. Kd3 Ke6 44. Kc4 Ba6+ 45. Kc5 Bb5 46.
Nc3 Bf1 47. g3 Bg2 48. f4 g5 49. fxe5 Kxe5 50. Ne2 Bf3 51. Nd4 Bxg4 52. Nxc6+
Ke4 53. Nxa5 Kf3 54. Nc6 Kxg3 55. a4 h5 56. a5 Be2 57. Nd4 Bf1 58. Nb5 h4 59.
a6 h3 60. a7 Bg2 61. Nd4 Ba8 0-1

[Event "Alekhine U1400"]
[Site "Gatineau CAN"]
[Date "2023.02.07"]
[Round "4"]
[White "Arvisais, Eric"]
[Black "Arcand, Pierre"]
[Result "1/2-1/2"]
[WhiteElo "1185"]
[BlackElo "1165"]
[PlyCount "58"]
[EventDate "2023.01.17"]
[EventType "swiss"]
[EventRounds "7"]
[EventCountry "CAN"]

1. d4 d5 2. c4 c6 3. Nc3 e6 4. a3 Nf6 5. Nf3 Be7 6. Bf4 O-O 7. e3 h6 8. Bd3 Nh5
9. Bg3 Nxg3 10. hxg3 Nd7 11. Qc2 dxc4 12. Bxc4 Nf6 13. Bd3 c5 14. O-O-O cxd4
15. exd4 Nd5 16. Qd2 Bg5 17. Nxg5 Qxg5 18. Qxg5 hxg5 19. Nxd5 exd5 20. Rh7 f5
21. Rdh1 Kf7 22. R7h5 g4 23. Bxf5 Bxf5 24. Rxf5+ Kg6 25. Rxf8 Rxf8 26. Rh4 Kg5
27. Rh7 Kg6 28. Rh4 Kg5 29. Rh7 Kg6 1/2-1/2

[Event "Alekhine U1400"]
[Site "Gatineau CAN"]
[Date "2023.02.07"]
[Round "4"]
[White "Chartrand, Alexis"]
[Black "Albert, Michel"]
[Result "1-0"]
[WhiteElo "1144"]
[BlackElo "1194"]
[PlyCount "59"]
[EventDate "2023.01.17"]
[EventType "swiss"]
[EventRounds "7"]
[EventCountry "CAN"]

1. d4 e5 2. c4 e4 3. Nc3 Nf6 4. Bg5 c5 5. Nxe4 Be7 6. Qd3 d5 7. Nxc5 g6 8. Nf3
Bf5 9. Qb3 Bc8 10. h3 O-O 11. Bh6 Re8 12. Nxb7 Bxb7 13. Qxb7 Nbd7 14. g4 Qa5+
15. Bd2 Rab8 16. Qxb8 Qxd2+ 17. Nxd2 Rxb8 18. b3 Ba3 19. Bg2 Nb6 20. e4 Bb4 21.
O-O-O dxc4 22. Nxc4 Rc8 23. Kb2 a5 24. Nxb6 Rb8 25. Nc4 Nd7 26. d5 Nb6 27. Nxb6
Rxb6 28. Rd4 Bc5 29. Ra4 Rf6 30. f3 1-0

[Event "Alekhine U1400"]
[Site "Gatineau CAN"]
[Date "2023.02.07"]
[Round "4"]
[White "De Carufel-Lebeau, Lucas"]
[Black "Simard, Paul"]
[Result "0-1"]
[WhiteElo "1266"]
[BlackElo "1268"]
[PlyCount "112"]
[EventDate "2023.01.17"]
[EventType "swiss"]
[EventRounds "7"]
[EventCountry "CAN"]
[TimeControl "60+30"]

1. e4 c5 2. Nf3 d6 3. Bb5+ Bd7 4. Nc3 a6 5. Bxd7+ Nxd7 6. d4 cxd4 7. Qxd4 Ngf6
8. e5 dxe5 9. Nxe5 Nxe5 10. Qxe5 e6 11. O-O Bd6 12. Qg5 O-O 13. Bf4 Bxf4 14.
Qxf4 Rc8 15. Rad1 Qb6 16. Na4 Qc6 17. c3 b5 18. Rd6 Qe4 19. Qxe4 Nxe4 20. Rxa6
bxa4 21. Rxa4 Nc5 22. Ra5 Rfd8 23. b4 Ne4 24. b5 Nxc3 25. h3 Ra8 26. Rxa8 Rxa8
27. Ra1 Nxb5 28. a4 Nc7 29. a5 Kf8 30. f4 Ke7 31. Kf2 Kd6 32. Ke3 Kc5 33. g4
Kb5 34. Ke4 Rxa5 35. Rxa5+ Kxa5 36. Ke5 Kb5 37. g5 Kc5 38. h4 Ne8 39. h5 Kc6
40. f5 exf5 41. Kxf5 Kd6 42. g6 fxg6+ 43. hxg6 h6 44. Kg4 Ke6 45. Kh5 Kf6 46.
Kg4 Kxg6 47. Kh4 Nf6 48. Kg3 Kg5 49. Kh3 Kf4 50. Kh4 g5+ 51. Kh3 Kf3 52. Kh2 g4
53. Kh1 h5 54. Kh2 h4 55. Kh1 g3 56. Kg1 g2 0-1

[Event "Alekhine U1400"]
[Site "Gatineau CAN"]
[Date "2023.02.07"]
[Round "4"]
[White "Deniger, Kim"]
[Black "Deschenes, Stephane"]
[Result "0-1"]
[WhiteElo "974"]
[BlackElo "1000"]
[PlyCount "82"]
[EventDate "2023.01.17"]
[EventType "swiss"]
[EventRounds "7"]
[EventCountry "CAN"]
[TimeControl "60+30"]

1. d4 d5 2. e3 Nf6 3. Nc3 c6 4. e4 Qa5 5. Bd2 e6 6. f3 g6 7. e5 Nfd7 8. f4 c5
9. Bb5 cxd4 10. b4 Qxb4 11. a3 Qc5 12. Na4 Qxb5 13. c3 Nc5 14. Nxc5 Bxc5 15. a4
Qc6 16. Nf3 Nd7 17. Qb1 O-O 18. Qb5 Qxb5 19. axb5 d3 20. g3 b6 21. h4 Bb7 22.
Nd4 Be7 23. O-O Nc5 24. Be3 Ne4 25. Rad1 Nxg3 26. Rf2 Bxh4 27. f5 exf5 28. Nf3
Ne4 29. Bh6 Nxf2 30. Rd2 Ne4 31. Rxd3 Bf2+ 32. Kg2 Rac8 33. Be3 Bxe3 34. Rxe3
Rxc3 35. Kf1 {Le coup illÃ gal Rf2 semble avoir Ã tÃ  jouÃ } Rfc8 36. Nd4 Nf6 {
La carte dit Cg4 mais c'est impossible} 37. Kf2 Ng4+ {
Ici, on est de retour Ã  la partie tel que notÃ e} 38. Kf3 Rxe3+ 39. Kf4 Re4+
40. Kg5 Rxd4 {impossible de se rendre au coup 50 Ã  partir d'ici} 41. e6 fxe6
0-1

[Event "Alekhine U1400"]
[Site "Gatineau CAN"]
[Date "2023.02.07"]
[Round "4"]
[White "Deschenes, Ryan"]
[Black "Roy, Dominique"]
[Result "0-1"]
[WhiteElo "1000"]
[BlackElo "1100"]
[PlyCount "64"]
[EventDate "2023.01.17"]
[EventType "swiss"]
[EventRounds "7"]
[EventCountry "CAN"]
[TimeControl "60+30"]

1. e4 Nf6 2. Nc3 d6 3. Nf3 a6 4. e5 dxe5 5. Nxe5 Nbd7 6. Qe2 Nxe5 7. Qxe5 e6 8.
b4 Bd6 9. Qg5 O-O 10. b5 a5 11. Bc4 b6 12. O-O Bb7 13. a4 Ne4 14. Nxe4 Bxe4 15.
Qxd8 Raxd8 16. Bd3 Be5 17. Bb2 Bxb2 18. Ra2 Bxd3 19. cxd3 Bf6 20. Ra3 Rd4 21.
Rc1 Bd8 22. f3 f5 23. g4 fxg4 24. fxg4 Rxg4+ 25. Kh1 Rf7 26. Rg1 Rgf4 27. Kg2
Be7 28. Rc3 Bc5 29. Rh1 h5 30. h4 Rg4+ 31. Kh3 Rf3+ 32. Kh2 Bd6# 0-1

[Event "Alekhine U1400"]
[Site "Gatineau CAN"]
[Date "2023.02.07"]
[Round "4"]
[White "Filion, Jean"]
[Black "Chenard, Paul"]
[Result "1/2-1/2"]
[WhiteElo "900"]
[BlackElo "905"]
[PlyCount "176"]
[EventDate "2023.01.17"]
[EventType "swiss"]
[EventRounds "7"]
[EventCountry "CAN"]
[TimeControl "60+30"]

1. e4 e5 2. Bc4 Nc6 3. Qf3 Nf6 4. Ne2 Bc5 5. d3 h6 6. Ng3 d6 7. Nh5 Bg4 8.
Nxf6+ gxf6 9. Qxg4 Nd4 10. Bxh6 Rxh6 11. O-O Rg6 12. Qd1 Qd7 13. Qh5 Nxc2 14.
Nc3 O-O-O 15. Rac1 Nd4 16. f4 Ne2+ 17. Kh1 Nxf4 18. Qf5 c6 19. Qxd7+ Rxd7 20.
g3 Nh3 21. Rc2 b5 22. Bb3 b4 23. Na4 Bd4 24. Rxc6+ Kb7 25. Bd5 Kb8 26. Rc4 Nf2+
27. Kg2 Be3 28. Rxb4+ Kc8 29. Rb7 Kd8 30. Rxd7+ Kxd7 31. Rxf2 Bxf2 32. Kxf2 Rg5
33. Bxf7 f5 34. Bd5 f4 35. gxf4 exf4 36. Nc3 Rh5 37. Kg2 Rg5+ 38. Kf3 Rh5 39.
Kxf4 Rxh2 40. b3 Rf2+ 41. Ke3 Rh2 42. Kd4 Ke7 43. a4 a6 44. b4 Rb2 45. b5 a5
46. e5 Rb4+ 47. Ke3 dxe5 48. Bc4 Kd6 49. Nd5 Rxa4 50. b6 Kc6 51. Ke4 Ra1 52.
Kxe5 Re1+ 53. Kd4 Rb1 54. Ne7+ Kd6 55. Nc8+ Kd7 56. Ba6 a4 57. b7 a3 58. Na7 a2
59. Bb5+ Kc7 60. Nc6 a1=Q+ 61. Kc5 Rc1+ 62. Bc4 Qa3+ 63. Kd4 Qd6+ 64. Bd5 Rxc6
65. Ke4 Kxb7 66. Bxc6+ Qxc6+ 67. Ke3 Kb6 68. d4 Qe6+ 69. Kd3 Kb5 70. Kc3 Qc4+
71. Kd2 Qxd4+ 72. Ke2 Kc4 73. Kf3 Kd3 74. Kg3 Ke3 75. Kg2 Qe4+ 76. Kg3 Qf3+ 77.
Kh2 Kf4 78. Kg1 Qg3+ 79. Kf1 Qh3+ 80. Ke2 Qf3+ 81. Kd2 Qe3+ 82. Kc2 Ke4 83. Kb2
Kd3 84. Kb3 Kd4+ 85. Kb4 Qc3+ 86. Kb5 Kd5 87. Kb6 Qc6+ 88. Ka5 Kc5 1/2-1/2

[Event "Alekhine U1400"]
[Site "Gatineau CAN"]
[Date "2023.02.07"]
[Round "4"]
[White "Gagne, Learry"]
[Black "Gratton, Marcel"]
[Result "1-0"]
[WhiteElo "1123"]
[BlackElo "1137"]
[PlyCount "28"]
[EventDate "2023.01.17"]
[EventType "swiss"]
[EventRounds "7"]
[EventCountry "CAN"]
[TimeControl "60+30"]

1. d4 d5 2. c4 Nf6 3. Nf3 Nc6 4. Nc3 a6 5. e3 e6 6. Bd3 Bb4 7. O-O Bxc3 8. bxc3
O-O 9. Re1 Na5 10. cxd5 Nxd5 11. Qc2 Nc6 12. Bxh7+ Kh8 13. Bd3 Re8 14. e4 Nce7
1-0

[Event "Alekhine U1400"]
[Site "Gatineau CAN"]
[Date "2023.02.07"]
[Round "4"]
[White "Laflamme, Mathieu"]
[Black "Gratton, Constant"]
[Result "1-0"]
[WhiteElo "1230"]
[BlackElo "1233"]
[PlyCount "53"]
[EventDate "2023.01.17"]
[EventType "swiss"]
[EventRounds "7"]
[EventCountry "CAN"]

1. d4 d5 2. c4 dxc4 3. e4 e6 4. Bxc4 Bb4+ 5. Nc3 Bxc3+ 6. bxc3 c6 7. Nf3 b5 8.
Bd3 Qf6 9. Bg5 Qg6 10. e5 Qh5 11. h3 f6 12. g4 Qf7 13. exf6 gxf6 14. Bd2 Bb7
15. Rb1 a6 16. Qe2 Ne7 17. Rg1 e5 18. Bc1 Ng6 19. dxe5 O-O 20. e6 Qe7 21. Bf5
Re8 22. Qe3 c5 23. Rg3 Qd6 24. g5 Bd5 25. Qd2 Ne5 26. gxf6+ Ng6 27. f7+ 1-0

[Event "Alekhine U1400"]
[Site "Gatineau CAN"]
[Date "2023.02.07"]
[Round "4"]
[White "Paradis, Emile"]
[Black "Couture, Vincent"]
[Result "1-0"]
[WhiteElo "1432"]
[BlackElo "1435"]
[PlyCount "101"]
[EventDate "2023.01.17"]
[EventType "swiss"]
[EventRounds "7"]
[EventCountry "CAN"]
[TimeControl "60+30"]

1. e4 d6 2. d4 Nf6 3. Nc3 Nc6 4. Nf3 Bg4 5. h3 Bxf3 6. gxf3 e5 7. d5 Nd4 8. Be3
Nxc2+ 9. Qxc2 Be7 10. Bb5+ Nd7 11. O-O-O a6 12. Bxd7+ Qxd7 13. Kb1 b5 14. Ne2
a5 15. Rc1 Bd8 16. Qc6 Qxc6 17. Rxc6 b4 18. Rg1 g6 19. f4 f6 20. fxe5 fxe5 21.
f4 exf4 22. Nxf4 Kd7 23. Ne6 Re8 24. Nxd8 Raxd8 25. Bg5 Rb8 26. Re1 Re5 27. Bf6
Rh5 28. h4 Rf8 29. e5 Kc8 30. exd6 Rxf6 31. d7+ Kxd7 32. Rxf6 Rxd5 33. Rf7+ Kc6
34. Re6+ Kb5 35. Rxh7 Ka4 36. Rxc7 b3 37. Re4+ Kb5 38. Rb7+ Ka6 39. Rxb3 Rd6
40. Re8 Ka7 41. Reb8 Rd7 42. R8b5 Ka6 43. Rb6+ Ka7 44. R3b5 Rg7 45. b4 a4 46.
Kc2 Rc7+ 47. Kd3 Rg7 48. Kd4 g5 49. hxg5 Rxg5 50. Rb7+ Ka6 51. R5b6# 1-0